Zásadní změna regulace evropského účetnictví

Proces modernizácie účtovných smerníc, odstraňovanie konfliktov medzi smernicami EÚ a IAS. Zásadné ustanovenia pre zhodu smerníc a IAS. Povinnosť zavádzať medzinárodné účtovné štandardy IAS/IFRS do národného účtovníctva.

Salvato in:
Dettagli Bibliografici
Autore principale: Žárová, Marcela
Natura: Capitolo di libro
Lingua:ceco
Soggetti:
Tags: Aggiungi Tag
Nessun Tag, puoi essere il primo ad aggiungerne!!

MARC

LEADER 00000naa$a2200000$$$4500
001 0003656
005 20230913090857.9
041 0 |a cze 
044 |a CZ 
245 1 0 |a Zásadní změna regulace evropského účetnictví  |c aut. Marcela Žárová 
520 |a Proces modernizácie účtovných smerníc, odstraňovanie konfliktov medzi smernicami EÚ a IAS. Zásadné ustanovenia pre zhodu smerníc a IAS. Povinnosť zavádzať medzinárodné účtovné štandardy IAS/IFRS do národného účtovníctva. 
610 2 0 |a štandardy 
610 2 0 |a účtovníctvo 
610 2 0 |a účtovníctvo medzinárodné 
610 2 0 |a smernice 
610 2 0 |a IAS 
610 2 0 |a IAS/IFRS 
100 1 |a Žárová, Marcela